Chaali Din (ਚਾਲ਼ੀ ਦਿਨ) (Record no. 10874)
[ view plain ]
| 000 -LEADER | |
|---|---|
| fixed length control field | 00514nam a22002057a 4500 |
| 003 - CONTROL NUMBER IDENTIFIER | |
| control field | OSt |
| 005 - DATE AND TIME OF LATEST TRANSACTION | |
| control field | 20260209163754.0 |
| 008 - FIXED-LENGTH DATA ELEMENTS--GENERAL INFORMATION | |
| fixed length control field | 260209b |||||||| |||| 00| 0 eng d |
| 020 ## - INTERNATIONAL STANDARD BOOK NUMBER | |
| International Standard Book Number | 978-93-94183-87-2 |
| 040 ## - CATALOGING SOURCE | |
| Transcribing agency | MRSPTU |
| 041 ## - LANGUAGE CODE | |
| Language code of text/sound track or separate title | Punjabi |
| 082 ## - DEWEY DECIMAL CLASSIFICATION NUMBER | |
| Classification number | 891.423 |
| Item number | DH-C |
| 100 ## - MAIN ENTRY--PERSONAL NAME | |
| Personal name | Dhugga, Gurpreet Singh |
| 245 ## - TITLE STATEMENT | |
| Title | Chaali Din (ਚਾਲ਼ੀ ਦਿਨ) |
| 250 ## - EDITION STATEMENT | |
| Edition statement | 16th Ed. |
| 260 ## - PUBLICATION, DISTRIBUTION, ETC. | |
| Place of publication, distribution, etc. | Patiala, |
| Name of publisher, distributor, etc. | Autumn Art, |
| Date of publication, distribution, etc. | 2025 |
| 300 ## - PHYSICAL DESCRIPTION | |
| Extent | 176 p. |
| 650 ## - SUBJECT ADDED ENTRY--TOPICAL TERM | |
| Topical term or geographic name entry element | Literature (Punjabi) |
| 942 ## - ADDED ENTRY ELEMENTS (KOHA) | |
| Source of classification or shelving scheme | Dewey Decimal Classification |
| Koha item type | Book |
| Suppress in OPAC | No |
| Withdrawn status | Lost status | Source of classification or shelving scheme | Damaged status | Not for loan | Home library | Current library | Date acquired | Total checkouts | Full call number | Barcode | Date due | Date last seen | Date last checked out | Price effective from | Koha item type |
|---|---|---|---|---|---|---|---|---|---|---|---|---|---|---|---|
| Dewey Decimal Classification | MRSPTU Central Library | MRSPTU Central Library | 02/09/2026 | 1 | 891.423 DH-C | G-377 | 03/11/2026 | 02/18/2026 | 02/18/2026 | 02/09/2026 | Book |
